00326nam a2200133 4500020001500000082001800015100002200033100002200055245003500077250000600112260003800118300000800156650002800164 a0935702253 a547.30873 MCL aMcLafferty Fred.W aTurecek Frantisek aInterpretation of Mass Spectra a4 aCaliforniabUniversity of Science a371 aChemistryaMass Spectra